The evolution of nuclear deterrence in South Asia / (Record no. 214827)
[ view plain ]
| 000 -LEADER | |
|---|---|
| fixed length control field | 01027 a2200217 4500 |
| 003 - CONTROL NUMBER IDENTIFIER | |
| control field | Nust |
| 005 - DATE AND TIME OF LATEST TRANSACTION | |
| control field | 20230221120857.0 |
| 010 ## - LIBRARY OF CONGRESS CONTROL NUMBER | |
| LC control number | 2014323549 |
| 020 ## - INTERNATIONAL STANDARD BOOK NUMBER | |
| International Standard Book Number | 9789699982002 |
| 040 ## - CATALOGING SOURCE | |
| Transcribing agency | Nust |
| 082 ## - DEWEY DECIMAL CLASSIFICATION NUMBER | |
| Classification number | 327.470954, YAM |
| 100 1# - MAIN ENTRY--PERSONAL NAME | |
| Personal name | Yamin, Tughral. |
| 9 (RLIN) | 1533 |
| 245 14 - TITLE STATEMENT | |
| Title | The evolution of nuclear deterrence in South Asia / |
| Statement of responsibility, etc. | Tughral Yamin. |
| 246 3# - VARYING FORM OF TITLE | |
| Title proper/short title | Nuclear deterrence in South Asia |
| 300 ## - PHYSICAL DESCRIPTION | |
| Extent | vii, 272 pages ; |
| Dimensions | 22 cm |
| 505 ## - FORMATTED CONTENTS NOTE | |
| Formatted contents note | Introduction (Page-1), Of strategic stability (Page-13), Nuclear deterrence during the cold war (Page-39), Arms control and Disarmament (Page-85), The nature of Indo Pakistan conflict (Page-113), India-Pakistan tensions in the nuclear age (Page-143), The strategic culture of the south Asia (Page-181), State of strategic stability in South Asia and prospects for the future (Page-201). |
| 650 #0 - SUBJECT ADDED ENTRY--TOPICAL TERM | |
| Topical term or geographic name entry element | Deterrence (Strategy) |
| General subdivision | History. |
| 9 (RLIN) | 5257 |
| 650 #0 - SUBJECT ADDED ENTRY--TOPICAL TERM | |
| Topical term or geographic name entry element | Military policy |
| Geographic subdivision | South Asia |
| General subdivision | History. |
| 9 (RLIN) | 5258 |
| 650 #0 - SUBJECT ADDED ENTRY--TOPICAL TERM | |
| Topical term or geographic name entry element | Nuclear warfare |
| Geographic subdivision | South Asia |
| General subdivision | History. |
| 9 (RLIN) | 5256 |
| 942 ## - ADDED ENTRY ELEMENTS (KOHA) | |
| Source of classification or shelving scheme | |
| Koha item type | Book |
| Withdrawn status | Lost status | Source of classification or shelving scheme | Damaged status | Not for loan | Permanent Location | Current Location | Shelving location | Date acquired | Full call number | Barcode | Date last seen | Price effective from | Koha item type | Public note | Total Checkouts |
|---|---|---|---|---|---|---|---|---|---|---|---|---|---|---|---|
| Military College of Signals (MCS) | Military College of Signals (MCS) | General Stacks | 12/12/2016 | 327.470954,YAM | MCS37073 | 12/08/2016 | 12/12/2016 | Book | Almirah No.73, Shelf No.5 | ||||||
| Military College of Signals (MCS) | Military College of Signals (MCS) | General Stacks | 12/12/2016 | 327.470954 ,YAM | MCS37074 | 12/08/2016 | 12/12/2016 | Book | Almirah No.50, Shelf No.1 | ||||||
| Military College of Signals (MCS) | Military College of Signals (MCS) | General Stacks | 02/21/2023 | 327.470954, YAM | MCS38017 | 02/21/2023 | 02/21/2023 | Book | Almirah No.50, Shelf No.1 |
